• 首页
  • 本馆介绍
  • 公告通知
  • 最新文献
  • 馆藏检索
  • 电子资源
  • 读者导购
  • 参考咨询
  • 我的图书馆
  • 登录
  • 详细信息显示
  • 放入我的书架
  • 预约/预借图书
  • 作者相关作品
  • 分类相关作品
  • 丛书相关作品
  • 出版社相关作品

书目信息

  • 表格格式
  • 工作单格式
  • 卡片格式
题名:
矿物与岩石
    
 
作者: 吴良士 , 白鸽 , 袁忠信 编
分册:  
出版信息: 北京   化学工业出版社  2005
页数: 313页
开本: 26cm
丛书名: 实用天然产物手册
单 册:
中图分类: P57-62 , P58-62
科图分类:
主题词: 矿物--手册 , 岩石--手册 , 矿物 , 岩石
电子资源:
ISBN: 7-5025-6214-1
000 01016oam2 2200337 450
001 002800956
005 20080303091711.93
010    @a7-5025-6214-1@dCNY48.00
035    @a002800956
100    @a20050131d2005 em y0chiy0110 ea
101 0  @achi
102    @aCN@b110000
105    @ay z 000yy
106    @ar
200 1  @a矿物与岩石@Akuang wu yu yan shi@f吴良士,白鸽,袁忠信编
210    @a北京@c化学工业出版社@d2005
215    @a313页@d26cm
225 2  @a实用天然产物手册
330    @a本书共编写了黑色金属、有色金属、稀有金属、贵金属等有关的矿物与岩石近700种。每种矿物均表明了中、英文名称、矿物成分、结构等。
461  0 @1001002797501@12001 @a实用天然产物手册
606 0  @a矿物@j手册
606 0  @a岩石@j手册
606 0  @a矿物
606 0  @a岩石
690    @aP57-62@v4
690    @aP58-62@v4
701  0 @a吴良士@Awu liang shi@c(地质矿产)@4编
701  0 @a白鸽@Abai ge@c(地质矿产)@4编
701  0 @a袁忠信@Ayuan zhong xin@4编
801  0 @aCN@bNLC@c20080303
905    @dP57-62@e106@f4
    
    矿物与岩石/吴良士,白鸽,袁忠信编.-北京:化学工业出版社,2005
    313页;26cm.-(实用天然产物手册)
    
    
    ISBN 7-5025-6214-1:CNY48.00
    本书共编写了黑色金属、有色金属、稀有金属、贵金属等有关的矿物与岩石近700种。每种矿物均表明了中、英文名称、矿物成分、结构等。
●
相关链接 在E读中查询图书 在五车中查询图书 在当当中查询图书 在豆瓣中查询图书


正题名:矿物与岩石     索取号:P57-62/106         预约/预借

序号 登录号 条形码 馆藏地/架位号 状态 备注
1 0614677   206146776   第二样本阅览室/ [索取号:P57-62/106] 在馆    
2 0614678   206146785   第三借阅区/ [索取号:P57-62/106] 在馆    
3 0614679   206146794   第三借阅区/ [索取号:P57-62/106] 在馆    
4 0614680   206146801   第三借阅区/ [索取号:P57-62/106] 在馆    
唐山师范学院图书馆 欢迎您!
大连网信软件有限公司© 版权所有